<?xml version="1.0" encoding="UTF-8"?>
<record
    xmlns:xsi="http://www.w3.org/2001/XMLSchema-instance"
    xsi:schemaLocation="http://www.loc.gov/MARC21/slim http://www.loc.gov/standards/marcxml/schema/MARC21slim.xsd"
    xmlns="http://www.loc.gov/MARC21/slim">

  <leader>01538nam a2200265 a 4500</leader>
  <controlfield tag="001">000004637</controlfield>
  <controlfield tag="005">20251017115024.0</controlfield>
  <controlfield tag="008">090724s2008    dr ad  f      001 0 spa d</controlfield>
  <datafield tag="020" ind1=" " ind2=" ">
    <subfield code="a">9789945162349</subfield>
  </datafield>
  <datafield tag="040" ind1=" " ind2=" ">
    <subfield code="a">DO-SdBNP</subfield>
    <subfield code="b">spa</subfield>
    <subfield code="c">BNPHU</subfield>
  </datafield>
  <datafield tag="082" ind1=" " ind2=" ">
    <subfield code="a">616.8914</subfield>
    <subfield code="b">Q7m</subfield>
  </datafield>
  <datafield tag="100" ind1="1" ind2=" ">
    <subfield code="a">Quinto Barrera, See King Emilio</subfield>
    <subfield code="9">13515</subfield>
  </datafield>
  <datafield tag="245" ind1="1" ind2="3">
    <subfield code="a">El modelo cognitivo conductual :</subfield>
    <subfield code="b">manual de psicoterapia /</subfield>
    <subfield code="c">See King Emilio Quinto Barrera ; prefacio Judith Beck ; pr&#xF3;logo Carlos Berganza ; colaboradora Claudia Escobedo.</subfield>
  </datafield>
  <datafield tag="260" ind1=" " ind2=" ">
    <subfield code="a">Santo Domingo :</subfield>
    <subfield code="b">B&#xFA;ho,</subfield>
    <subfield code="c">2008.</subfield>
  </datafield>
  <datafield tag="300" ind1=" " ind2=" ">
    <subfield code="a">112 p. :</subfield>
    <subfield code="b">il., tablas ;</subfield>
    <subfield code="c">23 cm.</subfield>
  </datafield>
  <datafield tag="504" ind1=" " ind2=" ">
    <subfield code="a">Bibliograf&#xED;a : p. 110-112</subfield>
  </datafield>
  <datafield tag="505" ind1="0" ind2=" ">
    <subfield code="g">A modo de presentaci&#xF3;n /</subfield>
    <subfield code="r">C&#xE9;sar Mella Mej&#xED;as --</subfield>
    <subfield code="g">Prefacio /</subfield>
    <subfield code="r">Judith Beck --</subfield>
    <subfield code="g">Proemio /</subfield>
    <subfield code="r">Mauricio S&#xE1;nchez --</subfield>
    <subfield code="g">Pr&#xF3;logo /</subfield>
    <subfield code="r">Carlos Berganza --</subfield>
    <subfield code="t">Introducci&#xF3;n --</subfield>
    <subfield code="t">El modelo congnitivo --</subfield>
    <subfield code="t">Estructura de la sesi&#xF3;n y pensamientos autom&#xE1;ticos --</subfield>
    <subfield code="t">Tabla de pensamientos disfuncionales --</subfield>
    <subfield code="t">Diagrama de conceptualizaci&#xF3;n cognitiva --</subfield>
    <subfield code="t">Aspectos de la vulnerabilidad: Sociotrop&#xED;a versus autonom&#xED;a --</subfield>
    <subfield code="t">El modelo cognitivo en el tratamiento de la depresi&#xF3;n --</subfield>
    <subfield code="t">El modelo cognitivo en el tratamiento de laansiedad y el p&#xE1;nico --</subfield>
    <subfield code="t">El modelo cognitivo en la desdesperanza y el suicidio.</subfield>
  </datafield>
  <datafield tag="590" ind1=" " ind2=" ">
    <subfield code="a">Inventariado, 2018/LP</subfield>
  </datafield>
  <datafield tag="650" ind1=" " ind2="0">
    <subfield code="a">Psicoterapia </subfield>
    <subfield code="9">465</subfield>
  </datafield>
  <datafield tag="650" ind1=" " ind2="4">
    <subfield code="a">Terapia conductual</subfield>
    <subfield code="9">13516</subfield>
  </datafield>
  <datafield tag="700" ind1="1" ind2=" ">
    <subfield code="a">Berganza, Carlos,</subfield>
    <subfield code="e">pr&#xF3;l.</subfield>
    <subfield code="9">13517</subfield>
  </datafield>
  <datafield tag="700" ind1="1" ind2=" ">
    <subfield code="a">Beck, Judith,</subfield>
    <subfield code="e">pref.</subfield>
    <subfield code="9">13518</subfield>
  </datafield>
  <datafield tag="700" ind1="1" ind2=" ">
    <subfield code="a">Escobedo, Claudia,</subfield>
    <subfield code="e">col.</subfield>
    <subfield code="9">13519</subfield>
  </datafield>
  <datafield tag="910" ind1=" " ind2=" ">
    <subfield code="a">Validado. Control de calidad EMS</subfield>
  </datafield>
  <datafield tag="952" ind1=" " ind2=" ">
    <subfield code="0">0</subfield>
    <subfield code="1">1</subfield>
    <subfield code="7">1</subfield>
    <subfield code="8">PD</subfield>
    <subfield code="a">PD</subfield>
    <subfield code="b">PD</subfield>
    <subfield code="c">MI</subfield>
    <subfield code="d">2010-09-17</subfield>
    <subfield code="i">LF1</subfield>
    <subfield code="l">0</subfield>
    <subfield code="o">616.8914 Q7m</subfield>
    <subfield code="p">4637-20</subfield>
    <subfield code="r">2020-06-25</subfield>
    <subfield code="t">e. 2</subfield>
    <subfield code="w">2020-06-25</subfield>
    <subfield code="y">LFPD</subfield>
    <subfield code="Z">No se presta</subfield>
  </datafield>
  <datafield tag="952" ind1=" " ind2=" ">
    <subfield code="0">0</subfield>
    <subfield code="1">0</subfield>
    <subfield code="7">1</subfield>
    <subfield code="8">PD</subfield>
    <subfield code="a">PD</subfield>
    <subfield code="b">PD</subfield>
    <subfield code="c">HD</subfield>
    <subfield code="d">2009-07-24</subfield>
    <subfield code="i">LF1</subfield>
    <subfield code="l">0</subfield>
    <subfield code="o">616.8914 Q79m</subfield>
    <subfield code="p">4637-10</subfield>
    <subfield code="r">2020-06-25</subfield>
    <subfield code="w">2020-06-25</subfield>
    <subfield code="y">LFPD</subfield>
    <subfield code="Z">No se presta</subfield>
  </datafield>
  <datafield tag="999" ind1=" " ind2=" ">
    <subfield code="c">4444</subfield>
    <subfield code="d">4444</subfield>
  </datafield>
</record>
